[Event "22nd Open"]
[Site "Cappelle la Grande FRA"]
[Date "2006.02.20"]
[Round "3"]
[White "Sulskis,S"]
[Black "Noordhoek,H"]
[Result "1-0"]
[WhiteElo "2504"]
[BlackElo "2098"]
[EventDate "2006.02.18"]

1. e4 Nf6 2. e5 Nd5 3. d4 d6 4. h3 g6 5. Nf3 Bg7 6. c4 Nb6 7. exd6 cxd6 8.
Nc3 O-O 9. Be3 Nc6 10. Rc1 e5 11. dxe5 dxe5 12. c5 Nd7 13. Bc4 Nd4 14. Nxd4
exd4 15. Bxd4 Bxd4 16. Qxd4 Qe7+ 17. Ne2 Nxc5 18. Qxc5 Qxc5 19. Bxf7+ Rxf7
20. Rxc5 Re7 21. f3 Bf5 22. Kf2 Rd8 23. Nc3 Rd2+ 24. Kg3 Rxb2 25. h4 b6 26.
Rd5 Rc2 27. Rd8+ Kf7 28. Nd5 Ree2 29. Nf4 Red2 30. Rb8 Rxa2 31. Re1 Bd7 32.
Rh8 Kg7 33. Rd8 Kf7 34. Rc1 h6 35. Rc7 Ke7 36. Rg8 Kd6 37. Rc1 Bf5 38. Rh8
b5 39. Rxh6 b4 40. h5 b3 41. hxg6 Bxg6 42. Rxg6+ Kd7 43. Rh1 Rac2 44. Rh7+
Kc8 45. Rg8+ Rd8 46. Rxd8+ 1-0

[Event "22nd Open"]
[Site "Cappelle la Grande FRA"]
[Date "2006.02.20"]
[Round "3"]
[White "Zakharevich,I"]
[Black "Guilbert,J"]
[Result "1-0"]
[WhiteElo "2500"]
[BlackElo "2047"]
[EventDate "2006.02.18"]

1. d4 d5 2. Nf3 Bg4 3. Ne5 Bf5 4. c4 c6 5. Nc3 f6 6. Nf3 e6 7. Qb3 Qd7 8.
Bf4 dxc4 9. Qxc4 Bd6 10. Bxd6 Qxd6 11. Qb3 Qd7 12. e3 Ne7 13. Bc4 b5 14.
Be2 a5 15. Nh4 a4 16. Qd1 O-O 17. O-O Na6 18. Rc1 Bg6 19. Nxg6 Nxg6 20. a3
Rfb8 21. Ne4 Ra7 22. Qc2 Rc7 23. Rfd1 Qe7 24. Nc3 Rb6 25. Bd3 Qe8 26. Qe2
Qc8 27. Ne4 Qd7 28. Qf3 Qe7 29. Nc3 Qe8 30. Qe2 Qc8 31. Rc2 Ne7 32. Rdc1
Ng6 33. Qg4 f5 34. Qg3 Rf7 35. Nxb5 f4 36. Qg4 Qb8 37. Nc3 fxe3 38. fxe3
Rxb2 39. Bxa6 Qb3 40. Qe2 Rxc2 41. Qxc2 Qxa3 42. Bd3 Rb7 43. Nxa4 Rb3 44.
Nc5 Rb2 45. Qc4 1-0

[Event "22nd Open"]
[Site "Cappelle la Grande FRA"]
[Date "2006.02.20"]
[Round "3"]
[White "Lopez Martinez,J"]
[Black "Medghoul,S"]
[Result "1/2-1/2"]
[WhiteElo "2518"]
[BlackElo "2238"]
[EventDate "2006.02.18"]

1. e4 e6 2. d4 d5 3. Nc3 Nf6 4. e5 Nfd7 5. f4 c5 6. Nf3 Nc6 7. Be3 cxd4 8.
Nxd4 Bc5 9. Qd2 O-O 10. g3 a6 11. Bg2 Nxd4 12. Bxd4 b5 13. Bxc5 Nxc5 14. b4
Nd7 15. a4 Qe7 16. Qd4 bxa4 17. Nxa4 Bb7 18. c3 Bc6 19. O-O Bb5 20. Rfc1
Rfc8 21. Nb2 h6 22. Qf2 Rab8 23. Bf1 Qd8 24. Bxb5 Rxb5 25. Qd4 a5 26. Nd3
Qc7 27. Kg2 Qb7 28. Rxa5 Rxa5 29. bxa5 Rc4 30. Qf2 Ra4 31. Kh3 Qb5 32. Qc2
Qxa5 33. Rb1 Rc4 34. Rb4 Qa1 35. Rxc4 dxc4 36. Qc1 Qa8 37. Nb2 Qf3 38. Qd1
Qxc3 39. Qxd7 Qxb2 40. Qc8+ Kh7 41. Qxc4 Qb1 42. Qe2 Qf5+ 43. Kg2 h5 44. h4
g6 1/2-1/2

[Event "22nd Open"]
[Site "Cappelle la Grande FRA"]
[Date "2006.02.20"]
[Round "3"]
[White "Ninov,N"]
[Black "Dancourt,J"]
[Result "1-0"]
[WhiteElo "2513"]
[BlackElo "2193"]
[EventDate "2006.02.18"]

1. e4 Nc6 2. d4 d5 3. Nc3 e6 4. Nf3 Nf6 5. Bg5 Be7 6. Bxf6 Bxf6 7. Bb5 O-O
8. Bxc6 bxc6 9. Qd2 c5 10. exd5 exd5 11. O-O Rb8 12. Rab1 Bb7 13. Na4 cxd4
14. Nxd4 Qd6 15. b4 Ba6 16. Rfe1 Bc4 17. a3 a5 18. Nc5 axb4 19. axb4 Rxb4
20. Rxb4 Qxc5 21. c3 Qa5 22. Nc6 Qa3 23. Ne5 h6 24. Nxc4 dxc4 25. Rxc4 c5
26. Qe3 Rc8 27. h4 Qb3 28. Qh3 Rc6 29. Re8+ Kh7 30. Qd3+ g6 31. h5 Qb7 32.
Qd5 Qc7 33. hxg6+ Kxg6 34. Rg4+ Bg5 35. f4 Rd6 36. Rxg5+ hxg5 37. Qxg5+ Kh7
38. Qg8+ Kh6 39. Qh8+ Kg6 40. Rg8+ Kf5 41. Qe5+ 1-0

[Event "22nd Open"]
[Site "Cappelle la Grande FRA"]
[Date "2006.02.20"]
[Round "3"]
[White "Hansen,TR"]
[Black "Roiz,M"]
[Result "0-1"]
[WhiteElo "2323"]
[BlackElo "2599"]
[EventDate "2006.02.18"]

1. e4 c5 2. Nf3 Nc6 3. Nc3 d6 4. d4 cxd4 5. Nxd4 Nf6 6. g3 g6 7. Nde2 Bg7
8. Bg2 Rb8 9. O-O b5 10. Nd5 Nd7 11. Rb1 O-O 12. h3 b4 13. Be3 a5 14. Re1
Ba6 15. Qd2 Re8 16. Kh2 Rc8 17. Red1 Nce5 18. b3 Bb7 19. Bd4 e6 20. Ne3 Nf6
21. f4 Ned7 22. e5 dxe5 23. Bxb7 exd4 24. Nxd4 Rc5 25. Bg2 h5 26. Nc4 Qc7
27. Kh1 Nd5 28. Rf1 Nc3 29. Rbe1 Rd8 30. Qe3 Bxd4 31. Qxd4 Nb6 32. Qf6 Rf5
33. Qh4 Nxc4 34. bxc4 Rd4 35. Re3 Qxc4 36. Qe7 Nd5 37. Qe8+ Kg7 38. Re5 Nf6
39. Qa4 h4 40. Rxf5 exf5 41. gxh4 Nh5 0-1

[Event "22nd Open"]
[Site "Cappelle la Grande FRA"]
[Date "2006.02.20"]
[Round "3"]
[White "Brodsky,M"]
[Black "Housieaux,D"]
[Result "1-0"]
[WhiteElo "2581"]
[BlackElo "2317"]
[EventDate "2006.02.18"]

1. d4 g6 2. e4 Bg7 3. c4 d6 4. Nc3 Nf6 5. Be2 O-O 6. Nf3 e5 7. Be3 Ng4 8.
Bg5 f6 9. Bc1 Nc6 10. d5 Ne7 11. h3 Nh6 12. h4 Nf7 13. h5 g5 14. Qc2 g4 15.
h6 Bxh6 16. Bxh6 Nxh6 17. Rxh6 gxf3 18. Bxf3 Rf7 19. O-O-O Qf8 20. Rdh1 Bd7
21. Qd1 Rg7 22. Qg1 Ng6 23. Qh2 Qe7 24. g3 f5 25. exf5 Bxf5 26. Be4 Rf8 27.
Qh5 Qd7 28. Qe2 Ne7 29. c5 Bg6 30. Bxg6 Nxg6 31. cxd6 cxd6 32. Ne4 Qf5 33.
R6h5 Rc7+ 34. Kb1 Qc8 35. Nxd6 Qd7 36. Nb5 Rc5 37. Nc3 Rf7 38. Ne4 Rxd5 39.
Rxh7 Qf5 40. R1h5 Rd1+ 41. Kc2 Qc8+ 1-0

[Event "22nd Open"]
[Site "Cappelle la Grande FRA"]
[Date "2006.02.20"]
[Round "3"]
[White "Vorobiov,E"]
[Black "Sebenik,M"]
[Result "1-0"]
[WhiteElo "2543"]
[BlackElo "2416"]
[EventDate "2006.02.18"]

1. e4 e6 2. d3 d5 3. Nd2 Nf6 4. e5 Nfd7 5. f4 Be7 6. Ndf3 O-O 7. g3 b5 8.
Bg2 a5 9. Nh3 c5 10. O-O Nc6 11. Qe2 Qc7 12. Bd2 Nd4 13. Nxd4 cxd4 14. Be1
Bb7 15. Bf2 Rac8 16. Rac1 Bc5 17. g4 Rfe8 18. Ng5 Qb6 19. Bg3 f6 20. exf6
gxf6 21. Nf3 a4 22. g5 f5 23. Nh4 Bf8 24. Bf3 Bg7 25. Bh5 Rf8 26. Nf3 a3
27. bxa3 Nc5 28. Ne5 Qd6 29. Bf2 Na4 30. Bxd4 Nc3 31. Qf2 Qxa3 32. Nd7 Rfd8
33. Nf6+ 1-0

[Event "22nd Open"]
[Site "Cappelle la Grande FRA"]
[Date "2006.02.20"]
[Round "3"]
[White "Mataigne,J"]
[Black "Senff,M"]
[Result "0-1"]
[WhiteElo "1924"]
[BlackElo "2471"]
[EventDate "2006.02.18"]

1. e4 c5 2. c3 Nf6 3. e5 Nd5 4. d4 cxd4 5. Nf3 Nc6 6. Bc4 Nb6 7. Bb3 d5 8.
exd6 Qxd6 9. O-O Be6 10. Bxe6 Qxe6 11. Nxd4 Nxd4 12. Qxd4 Rd8 13. Qh4 Qe2
14. Be3 Qxb2 15. Nd2 Rxd2 16. Bxd2 Qxd2 17. Rfd1 Qh6 18. Qg3 Qc6 19. Rab1
Nc8 20. c4 g6 21. c5 Bg7 22. Qb8 O-O 23. Qxb7 Qxc5 24. Rdc1 Qf5 25. Rb5 Qe6
26. Rbc5 Nd6 27. Qa6 Bd4 28. Rc6 Qf5 29. Rf1 Ne4 30. Qe2 Rb8 31. Rcc1 Rb2
32. Qc4 e5 33. Rc2 Nd6 0-1

[Event "22nd Open"]
[Site "Cappelle la Grande FRA"]
[Date "2006.02.20"]
[Round "3"]
[White "Jessel,S"]
[Black "Shengelia,D"]
[Result "0-1"]
[WhiteElo "2313"]
[BlackElo "2562"]
[EventDate "2006.02.18"]

1. e4 c6 2. d4 g6 3. Nc3 Bg7 4. Be3 d5 5. Qd2 Qa5 6. O-O-O dxe4 7. Kb1 Nd7
8. Bc4 Ngf6 9. f3 exf3 10. Nxf3 O-O 11. Rhf1 Nb6 12. Bb3 Qh5 13. Ne2 Nbd5
14. Ng3 Qg4 15. Bg5 Qd7 16. Rde1 Qc7 17. c4 Nb6 18. Bf4 Qd8 19. Qe2 Re8 20.
h3 a5 21. a4 Nbd7 22. Bc2 Nf8 23. Rd1 b5 24. Ne5 bxc4 25. Nxc6 Qb6 26. Ne5
Ba6 27. Nxc4 Qb4 28. Bd3 Nd5 29. Bd2 Qxa4 30. Ne5 Nb4 31. Bc4 e6 32. Bc1
Bxc4 33. Qxc4 Rac8 0-1

[Event "22nd Open"]
[Site "Cappelle la Grande FRA"]
[Date "2006.02.20"]
[Round "3"]
[White "Ponkratov,P"]
[Black "Drozdovskij,Y"]
[Result "0-1"]
[WhiteElo "2389"]
[BlackElo "2509"]
[EventDate "2006.02.18"]

1. e4 e6 2. d4 d5 3. e5 c5 4. c3 Nc6 5. Nf3 Bd7 6. a3 Nge7 7. b4 cxd4 8.
cxd4 Nf5 9. Bb2 b5 10. Nc3 Qb6 11. Bxb5 Nxe5 12. dxe5 Bxb5 13. g4 Ne7 14.
Nxb5 Qxb5 15. Nd4 Qa6 16. Qe2 Qxe2+ 17. Kxe2 Ng6 18. Nc6 h5 19. b5 Bc5 20.
g5 a6 21. a4 axb5 22. axb5 Kd7 23. Rhc1 Bb6 24. Nb4 Rxa1 25. Rxa1 Rb8 26.
Nc6 Rb7 27. Ra3 Bxf2 28. Rb3 Bc5 29. Bc1 Nh4 30. Bd2 Nf5 31. Kd3 Bb6 32.
Ra3 Bg1 0-1

[Event "22nd Open"]
[Site "Cappelle la Grande FRA"]
[Date "2006.02.20"]
[Round "3"]
[White "Epishin,V"]
[Black "Danielian,E"]
[Result "1-0"]
[WhiteElo "2553"]
[BlackElo "2423"]
[EventDate "2006.02.18"]

1. d4 d5 2. c4 c6 3. Nf3 dxc4 4. e3 Be6 5. Be2 Nf6 6. O-O Nbd7 7. Qc2 h6 8.
a4 Rc8 9. Rd1 g6 10. e4 Bg7 11. Na3 O-O 12. h3 a5 13. Bd2 b6 14. Bxc4 Bxc4
15. Nxc4 Ne8 16. Bf4 b5 17. Nce5 Nb8 18. Qb3 g5 19. Bd2 Nd6 20. axb5 a4 21.
Rxa4 cxb5 22. Ra7 Nxe4 23. Ba5 Qe8 24. Re1 Nd6 25. d5 Nc4 26. Bc3 e6 27.
Ng6 Nd7 28. dxe6 Nc5 29. exf7+ Rxf7 30. Rxe8+ Rxe8 31. Rxf7 1-0

[Event "22nd Open"]
[Site "Cappelle la Grande FRA"]
[Date "2006.02.20"]
[Round "3"]
[White "Ionov,S"]
[Black "Mevel,A"]
[Result "1/2-1/2"]
[WhiteElo "2527"]
[BlackElo "2296"]
[EventDate "2006.02.18"]

1. c4 e5 2. g3 Nc6 3. Bg2 f5 4. Nc3 Nf6 5. d3 Bc5 6. e3 O-O 7. Nge2 d6 8.
O-O a5 9. b3 Qe8 10. Nd5 Nxd5 11. cxd5 Ne7 12. d4 exd4 13. Nxd4 Qf7 14. Ne6
Bxe6 15. dxe6 Qf6 16. Bd2 c6 17. a3 Qxe6 18. b4 axb4 19. axb4 Bb6 20. b5
Bc5 21. bxc6 bxc6 22. Qc2 Rfb8 23. Rab1 Rxb1 24. Rxb1 Qa2 25. Qd1 Nd5 26.
Be1 Ne7 27. Bc3 Qc4 28. Be1 Qa2 29. Bc3 Qc4 30. Be1 Qa2 1/2-1/2

[Event "22nd Open"]
[Site "Cappelle la Grande FRA"]
[Date "2006.02.20"]
[Round "3"]
[White "Gozzoli,Y"]
[Black "Popov,Val"]
[Result "0-1"]
[WhiteElo "2464"]
[BlackElo "2592"]
[EventDate "2006.02.18"]

1. d4 Nf6 2. c4 e6 3. Nc3 Bb4 4. Nf3 d5 5. Bg5 dxc4 6. e4 b5 7. a4 c6 8. e5
h6 9. Bd2 Bxc3 10. bxc3 Nd5 11. Qb1 b4 12. cxb4 c3 13. Bc1 Na6 14. b5 Qa5
15. Qb3 Nac7 16. Ba3 Bd7 17. Bc4 cxb5 18. axb5 c2+ 19. Nd2 Nxb5 20. O-O
Nxd4 21. Qd3 Qc3 22. Ne4 Qxd3 23. Bxd3 Bc6 24. f4 a5 25. f5 Nb4 26. fxe6
O-O 27. exf7+ Rxf7 28. Bc4 Bd5 29. Bxd5 Nxd5 30. Rfe1 Nf4 0-1

[Event "22nd Open"]
[Site "Cappelle la Grande FRA"]
[Date "2006.02.20"]
[Round "3"]
[White "Monsieux,C"]
[Black "Kveinys,A"]
[Result "0-1"]
[WhiteElo "2282"]
[BlackElo "2517"]
[EventDate "2006.02.18"]

1. e4 c5 2. Nf3 e6 3. d4 cxd4 4. Nxd4 a6 5. Bd3 g6 6. Nc3 Bg7 7. Be3 d6 8.
Qd2 Nd7 9. O-O Qc7 10. a4 Ne5 11. h3 Bd7 12. a5 Nf6 13. Bh6 O-O 14. Bxg7
Kxg7 15. Kh1 Rfd8 16. f4 Nc4 17. Qe1 Nxb2 18. e5 dxe5 19. fxe5 Nh5 20. Ne4
Qxe5 21. Nf3 Qc7 22. g4 Nf4 23. Qh4 f5 24. gxf5 exf5 25. Neg5 h6 26. Rae1
Re8 27. Nh7 Kxh7 28. Rxe8 Rxe8 0-1

[Event "22nd Open"]
[Site "Cappelle la Grande FRA"]
[Date "2006.02.20"]
[Round "3"]
[White "Kulaots,K"]
[Black "Chetverik,M"]
[Result "1-0"]
[WhiteElo "2558"]
[BlackElo "2303"]
[EventDate "2006.02.18"]

1. e4 Nf6 2. e5 Nd5 3. d4 d6 4. c4 Nb6 5. exd6 cxd6 6. Nc3 g6 7. Be3 Bg7 8.
Rc1 O-O 9. b3 e6 10. Nf3 Bd7 11. Be2 Bc6 12. h4 Bxf3 13. Bxf3 d5 14. cxd5
exd5 15. h5 Nc6 16. hxg6 fxg6 17. Ne2 Qf6 18. Qd2 Rad8 19. O-O Qd6 20. Rc5
Rxf3 21. gxf3 Nd7 22. Rcc1 Rf8 23. Bf4 Qe6 24. Kg2 g5 25. Bxg5 Qg6 26. Ng3
Nxd4 27. Rh1 Nxf3 28. Qxd5+ Rf7 1-0

[Event "22nd Open"]
[Site "Cappelle la Grande FRA"]
[Date "2006.02.20"]
[Round "3"]
[White "Neverov,V"]
[Black "Krivonosov,O"]
[Result "1/2-1/2"]
[WhiteElo "2554"]
[BlackElo "2431"]
[EventDate "2006.02.18"]

1. d4 d5 2. c4 e6 3. Nf3 Nf6 4. Nc3 Be7 5. Bg5 h6 6. Bh4 O-O 7. e3 Ne4 8.
Bg3 c5 9. cxd5 exd5 10. Bd3 cxd4 11. Nxd4 Nxc3 12. bxc3 Nd7 13. O-O Nc5 14.
Bc2 Bd6 15. Qh5 Bxg3 16. hxg3 Qg5 17. Qxg5 hxg5 18. Rfd1 Rd8 19. Rd2 Bg4
20. f3 Be6 21. Kf2 Rac8 22. Rh1 f6 23. Rhd1 Kf7 24. g4 Ke7 25. Kg3 Bd7 26.
Rb1 b6 27. Kf2 Ba4 1/2-1/2

[Event "22nd Open"]
[Site "Cappelle la Grande FRA"]
[Date "2006.02.20"]
[Round "3"]
[White "Lukov,V"]
[Black "Psakhis,L"]
[Result "1/2-1/2"]
[WhiteElo "2430"]
[BlackElo "2534"]
[EventDate "2006.02.18"]

1. d4 Nf6 2. Nf3 e6 3. c4 b6 4. e3 Bb7 5. Bd3 d5 6. O-O Bd6 7. Nc3 O-O 8.
b3 Nbd7 9. Bb2 a6 10. Nd2 c5 11. cxd5 exd5 12. Re1 Re8 13. Bf1 Qc7 14. g3
cxd4 15. exd4 Rxe1 16. Qxe1 Re8 17. Qd1 Nf8 18. Bg2 Ne6 19. Nf1 Ng5 20. Ne3
Nge4 21. Rc1 Nxc3 22. Rxc3 Qd8 23. Rc2 g6 24. Ng4 Nxg4 25. Qxg4 Re1+ 26.
Bf1 Qf6 1/2-1/2

[Event "22nd Open"]
[Site "Cappelle la Grande FRA"]
[Date "2006.02.20"]
[Round "3"]
[White "Riazantsev,A"]
[Black "Skatchkov,P"]
[Result "1/2-1/2"]
[WhiteElo "2594"]
[BlackElo "2454"]
[EventDate "2006.02.18"]

1. d4 d5 2. c4 c6 3. Nf3 Nf6 4. Nc3 dxc4 5. a4 Bf5 6. Ne5 Nbd7 7. Nxc4 Qc7
8. g3 e5 9. dxe5 Nxe5 10. Bf4 Nfd7 11. Bg2 f6 12. O-O g5 13. Bxe5 Nxe5 14.
Nxe5 Qxe5 15. a5 a6 16. Qa4 Bc5 17. Qb3 Qe7 18. Na4 Bd6 19. Rac1 Kf8 20. e4
Be6 21. Qe3 Kg7 22. Nc5 Rad8 23. f4 gxf4 24. gxf4 Bc8 25. b4 1/2-1/2

[Event "22nd Open"]
[Site "Cappelle la Grande FRA"]
[Date "2006.02.20"]
[Round "3"]
[White "Riff,JN"]
[Black "Hrabinska,M"]
[Result "1-0"]
[WhiteElo "2444"]
[BlackElo "2225"]
[EventDate "2006.02.18"]

1. e4 c5 2. Nf3 e6 3. d4 cxd4 4. Nxd4 a6 5. Nc3 Qc7 6. Be2 Nc6 7. Be3 Nf6
8. O-O b5 9. Nxc6 dxc6 10. f4 e5 11. fxe5 Qxe5 12. Kh1 Bc5 13. Bf4 Qd4 14.
Qe1 Ng4 15. Qg3 Nf2+ 16. Rxf2 Qxf2 17. Qxg7 Rf8 18. Qe5+ Be6 19. Bh5 Ke7
20. Qc7+ Bd7 21. Rd1 Rfd8 22. Bg4 Bd4 23. Qd6+ Ke8 24. Bg5 1-0

[Event "22nd Open"]
[Site "Cappelle la Grande FRA"]
[Date "2006.02.20"]
[Round "3"]
[White "Munschi,S"]
[Black "Timoshenko,G"]
[Result "0-1"]
[WhiteElo "2310"]
[BlackElo "2560"]
[EventDate "2006.02.18"]

1. d4 Nf6 2. c4 g6 3. Nc3 Bg7 4. e4 d6 5. Bg5 O-O 6. Qd2 c5 7. d5 e6 8. Bd3
exd5 9. exd5 Nbd7 10. f4 a6 11. Nge2 b5 12. cxb5 Qb6 13. Bh4 Re8 14. h3
axb5 15. Bxb5 Ne4 16. Nxe4 Rxe4 17. Bd3 Rb4 18. Qe3 c4 19. Qxb6 Nxb6 20.
Be4 c3 21. Nxc3 Bxc3+ 22. bxc3 Rxe4+ 23. Kd2 Rxf4 0-1

[Event "22nd Open"]
[Site "Cappelle la Grande FRA"]
[Date "2006.02.20"]
[Round "3"]
[White "Grigoriants,S RUS"]
[Black "Sakelsek,T"]
[Result "1-0"]
[WhiteElo "2550"]
[BlackElo "2418"]
[EventDate "2006.02.18"]

1. c4 Nf6 2. Nc3 e6 3. d4 Bb4 4. e3 O-O 5. Bd3 d5 6. Nf3 c5 7. O-O cxd4 8.
exd4 dxc4 9. Bxc4 b6 10. Bg5 Bb7 11. Re1 Nbd7 12. Rc1 Re8 13. Qb3 Bxc3 14.
Rxc3 Qb8 15. Bb5 Qd6 16. Ne5 Nxe5 17. dxe5 Qd5 18. Rg3 Ne4 19. Rg4 Qxe5 20.
Bxe8 f5 21. Rgxe4 fxe4 22. Qb5 Bd5 23. Be3 1-0

[Event "22nd Open"]
[Site "Cappelle la Grande FRA"]
[Date "2006.02.20"]
[Round "3"]
[White "Petkevich,J"]
[Black "Ivanov,Sergey1"]
[Result "1/2-1/2"]
[WhiteElo "2433"]
[BlackElo "2541"]
[EventDate "2006.02.18"]

1. Nf3 Nf6 2. c4 e6 3. d4 d5 4. Nc3 c6 5. e3 Nbd7 6. Qc2 Bd6 7. Be2 O-O 8.
O-O e5 9. cxd5 cxd5 10. Nb5 Bb8 11. dxe5 Nxe5 12. Nbd4 Qd6 13. Nxe5 Qxe5
14. f4 Qe7 15. Bd2 a6 16. Bf3 Ba7 17. Qb3 Re8 18. Bxd5 Qd7 19. Bf3 Bxd4 20.
exd4 Qxd4+ 21. Rf2 Be6 22. Be3 1/2-1/2

[Event "22nd Open"]
[Site "Cappelle la Grande FRA"]
[Date "2006.02.20"]
[Round "3"]
[White "Schuurman,P"]
[Black "Marholev,D"]
[Result "1/2-1/2"]
[WhiteElo "2234"]
[BlackElo "2427"]
[EventDate "2006.02.18"]

1. Nf3 c5 2. c4 b6 3. Nc3 Bb7 4. d4 cxd4 5. Qxd4 Nc6 6. Qd2 Nf6 7. e3 g6 8.
Be2 Bg7 9. O-O O-O 10. Rb1 Rc8 11. b3 Na5 12. Bb2 d5 13. cxd5 Nxd5 14. Nxd5
Qxd5 15. Qxd5 Bxd5 16. Bxg7 Kxg7 17. Rbc1 Rfd8 1/2-1/2

[Event "22nd Open"]
[Site "Cappelle la Grande FRA"]
[Date "2006.02.20"]
[Round "3"]
[White "Azarova,N"]
[Black "Jaracz,P"]
[Result "1/2-1/2"]
[WhiteElo "2251"]
[BlackElo "2486"]
[EventDate "2006.02.18"]

1. e4 c5 2. Nf3 e6 3. d4 cxd4 4. Nxd4 a6 5. Bd3 d6 6. O-O Nf6 7. Be3 Nbd7
8. c4 Nc5 9. f3 Nxd3 10. Qxd3 Be7 11. Nc3 O-O 12. Rfd1 Nd7 13. Rac1 Qc7 14.
Qe2 Re8 15. Qf2 b6 16. b4 Bb7 17. Na4 Rab8 1/2-1/2

[Event "22nd Open"]
[Site "Cappelle la Grande FRA"]
[Date "2006.02.20"]
[Round "3"]
[White "Tirard,H"]
[Black "Degraeve,JM"]
[Result "1/2-1/2"]
[WhiteElo "2447"]
[BlackElo "2553"]
[EventDate "2006.02.18"]

1. e4 e5 2. Nf3 Nc6 3. Bb5 a6 4. Ba4 Nf6 5. O-O b5 6. Bb3 Bc5 7. d3 d6 8.
c3 h6 9. Re1 O-O 10. Nbd2 Re8 11. Nf1 Bb6 12. Ng3 Ne7 13. a4 Rb8 1/2-1/2

[Event "22nd Open"]
[Site "Cappelle la Grande FRA"]
[Date "2006.02.20"]
[Round "4"]
[White "Novikov,Ma"]
[Black "Korneev,O"]
[Result "1/2-1/2"]
[WhiteElo "2518"]
[BlackElo "2649"]
[EventDate "2006.02.18"]

1. e4 c5 2. Nf3 e6 3. c4 Nc6 4. d4 cxd4 5. Nxd4 Nf6 6. Nc3 Bb4 7. Nxc6 bxc6
8. Bd3 e5 9. O-O Bc5 10. Rb1 a5 11. Re1 d6 12. Be3 Nd7 13. Na4 O-O 14. Nxc5
Nxc5 15. Qc2 Qe7 16. Be2 Ne6 17. c5 Nxc5 18. Bxc5 dxc5 19. Rbc1 Be6 20.
Qxc5 Qxc5 21. Rxc5 Bxa2 22. Ra1 Be6 23. Raxa5 Rxa5 24. Rxa5 Rb8 25. b4 Bd7
26. Rxe5 Rxb4 27. f3 Kf8 28. Kf2 Ra4 29. Ke3 f6 30. Rh5 h6 31. Rc5 Ra3+ 32.
Bd3 Ke7 33. Kd4 Kd6 34. Bc2 g5 35. Rc3 Rxc3 36. Kxc3 Ke5 37. Kc4 Bc8 38.
Kc5 Ba6 39. Kxc6 Bf1 40. g3 Be2 41. f4+ gxf4 42. gxf4+ Kxf4 43. Kd6 Bc4 44.
h4 Ba2 45. Bd3 Bb3 46. Bb1 h5 47. Bd3 Ke3 48. Bb5 Kxe4 49. Be2 Kf4 50. Bxh5
Kg3 51. Bd1 Bxd1 1/2-1/2

[Event "22nd Open"]
[Site "Cappelle la Grande FRA"]
[Date "2006.02.20"]
[Round "4"]
[White "Vazquez,R"]
[Black "Miroshnichenko,E"]
[Result "0-1"]
[WhiteElo "2513"]
[BlackElo "2619"]
[EventDate "2006.02.18"]

1. d4 Nf6 2. Nf3 g6 3. Bg5 Bg7 4. Nbd2 c5 5. Bxf6 Bxf6 6. Ne4 Bxd4 7. Nxd4
cxd4 8. Qxd4 O-O 9. O-O-O Nc6 10. Qd2 Qa5 11. Qxa5 Nxa5 12. Nc3 d6 13. Nd5
Nc6 14. e4 Be6 15. Bb5 Bxd5 16. exd5 a6 17. dxc6 axb5 18. cxb7 Rxa2 19.
Rhe1 Ra1+ 20. Kd2 Rxd1+ 21. Rxd1 Rb8 22. Kc3 Rxb7 23. Rd5 b4+ 24. Kb3 Kg7
25. Rd4 Rb5 26. Rxb4 Re5 27. Kc3 Re2 28. Rf4 f5 29. Rf3 Kf6 30. b4 e5 31.
Kd3 Re1 32. Kc4 Ke6 33. Kb5 e4 34. Rc3 Rb1 35. Ka5 d5 36. b5 d4 37. Rc8 f4
38. b6 e3 39. fxe3 fxe3 40. Re8+ Kd7 41. Re4 Kc6 42. Re6+ Kd5 43. Re8 Rb2
44. Rd8+ Ke4 45. Re8+ Kf4 46. Rf8+ Kg5 47. Re8 Kf4 48. Rf8+ Kg4 49. Rd8 e2
50. Re8 Rxc2 51. b7 Rb2 0-1

[Event "22nd Open"]
[Site "Cappelle la Grande FRA"]
[Date "2006.02.20"]
[Round "4"]
[White "Totsky,L"]
[Black "Grigoriants,S RUS"]
[Result "0-1"]
[WhiteElo "2496"]
[BlackElo "2550"]
[EventDate "2006.02.18"]

1. e4 c5 2. Nf3 d6 3. Bc4 Nc6 4. c3 Nf6 5. d3 g6 6. O-O Bg7 7. h3 O-O 8.
Bb3 Rb8 9. Bg5 b5 10. Nbd2 Nd7 11. a3 c4 12. Bc2 cxd3 13. Bxd3 Nc5 14. Nb3
Nxd3 15. Qxd3 Be6 16. Nbd2 d5 17. e5 Nxe5 18. Nxe5 Bxe5 19. Qe3 Bd6 20. Bh6
Re8 21. Nb3 Qb6 22. Nd4 Bd7 23. f4 Bf5 24. Kh1 Be4 25. f5 Bc5 26. Qg3 Bxd4
27. cxd4 Rbc8 28. fxg6 Qxg6 29. Qxg6+ hxg6 30. Rac1 Rc4 31. Rcd1 Rec8 32.
Rf2 a5 33. Kg1 b4 34. axb4 axb4 35. Be3 b3 36. Rfd2 Ra8 37. Rf2 Ra2 38. Bc1
0-1

[Event "22nd Open"]
[Site "Cappelle la Grande FRA"]
[Date "2006.02.20"]
[Round "4"]
[White "Vysochin,S"]
[Black "Pavlovic,Milo"]
[Result "1-0"]
[WhiteElo "2551"]
[BlackElo "2494"]
[EventDate "2006.02.18"]

1. e4 c5 2. c3 d5 3. exd5 Qxd5 4. d4 e6 5. Nf3 Nf6 6. Be2 cxd4 7. cxd4 Bd7
8. O-O Bc6 9. Nc3 Qa5 10. Ne5 Bd6 11. Bf4 Bxe5 12. Bxe5 Nbd7 13. Bd6 Nb6
14. a4 Nbd5 15. Bb5 Bxb5 16. Nxb5 a6 17. Nc3 Rc8 18. Rc1 Nxc3 19. bxc3 Qd5
20. Bc5 Qc4 21. Qf3 Nd5 22. Qg3 Rg8 23. a5 f6 24. Qd6 Rc6 25. Qb8+ Kf7 26.
Qxb7+ Rc7 27. Qb2 Nf4 28. Rcd1 Rd8 29. Bb6 Rb8 30. Qd2 Ne2+ 31. Kh1 Rc6 32.
Rfe1 Nxc3 33. Rc1 Qb3 34. Qd3 Qb2 35. Qd2 1-0

[Event "22nd Open"]
[Site "Cappelle la Grande FRA"]
[Date "2006.02.20"]
[Round "4"]
[White "Sasikiran,K"]
[Black "Ninov,N"]
[Result "0-1"]
[WhiteElo "2670"]
[BlackElo "2513"]
[EventDate "2006.02.18"]

1. d4 Nf6 2. c4 e6 3. Nf3 d5 4. Nc3 dxc4 5. e4 Bb4 6. Bg5 c5 7. e5 h6 8.
Bd2 Bxc3 9. bxc3 Ne4 10. Bxc4 O-O 11. O-O cxd4 12. cxd4 Nxd2 13. Qxd2 Nc6
14. Bd3 b6 15. Qf4 Bb7 16. Qe4 g6 17. Rad1 Qe7 18. Qf4 Kg7 19. Be4 Rfd8 20.
h4 Na5 21. Bxb7 Nxb7 22. h5 Rac8 23. hxg6 fxg6 24. Rc1 Qf7 25. Qe4 Na5 26.
Rfd1 Nc4 27. Qe2 b5 28. Rc3 a6 29. Nh2 Nb6 30. Rf3 Qc7 31. Ng4 Qc2 32. Rd2
Qb1+ 33. Kh2 Rc1 34. Nf6 Nc4 35. Rdd3 Re1 36. Rb3 Qc1 37. Rfc3 Qxc3 38. Qe4
Rxe4 0-1

[Event "22nd Open"]
[Site "Cappelle la Grande FRA"]
[Date "2006.02.20"]
[Round "4"]
[White "Zhigalko,A"]
[Black "Epishin,V"]
[Result "1/2-1/2"]
[WhiteElo "2505"]
[BlackElo "2553"]
[EventDate "2006.02.18"]

1. e4 c5 2. Nf3 e6 3. d4 cxd4 4. Nxd4 a6 5. Nc3 b5 6. Bd3 Qb6 7. Nf3 Qc7 8.
O-O Bb7 9. Re1 Be7 10. e5 f5 11. Nh4 g6 12. Nf3 Nc6 13. a4 b4 14. Nb1 Nd8
15. a5 Nf7 16. Nbd2 Bc5 17. Nc4 Ne7 18. Be3 Bxe3 19. Rxe3 O-O 20. Bf1 Nd5
21. Rb3 Rfb8 22. Qd2 Bc6 23. Rd3 Ra7 24. Re1 Ba8 25. Rd4 Qc5 26. h4 Bc6 27.
h5 Qe7 28. hxg6 hxg6 29. Nd6 f4 30. Bc4 Rf8 31. Qd3 Nxd6 32. Qxg6+ Qg7 33.
Qxg7+ Kxg7 34. exd6 Rf5 35. Ne5 Bb5 36. Bxd5 exd5 37. Rxb4 Rf6 38. Rd4 Rxd6
39. Rxf4 Re6 40. Re3 d6 41. Rg3+ 1/2-1/2

[Event "22nd Open"]
[Site "Cappelle la Grande FRA"]
[Date "2006.02.20"]
[Round "4"]
[White "Goloshchapov,A"]
[Black "Yevseev,D"]
[Result "1-0"]
[WhiteElo "2533"]
[BlackElo "2557"]
[EventDate "2006.02.18"]

1. e4 c6 2. d4 d5 3. Nd2 dxe4 4. Nxe4 Bf5 5. Ng3 Bg6 6. h4 h6 7. Nf3 Nd7 8.
h5 Bh7 9. Bd3 Bxd3 10. Qxd3 e6 11. Bf4 Qa5+ 12. Bd2 Qc7 13. O-O-O O-O-O 14.
Ne4 Ngf6 15. g3 Nxe4 16. Qxe4 Bd6 17. Qe2 Rhe8 18. Kb1 a6 19. Rhe1 c5 20.
Ne5 Nxe5 21. dxe5 Be7 22. c4 Rd7 23. Bc3 Red8 24. Qf3 Rxd1+ 25. Rxd1 Rxd1+
26. Qxd1 Qc6 27. f3 g6 28. g4 Qe8 29. Qd2 gxh5 30. gxh5 Qg8 31. Kc2 Qh7+
32. Qd3 Qg7 33. Qd2 Qh7+ 34. Kb3 Qf5 35. Qxh6 Qxf3 36. Qh8+ Kd7 37. Qb8 b5
38. Qa7+ Ke8 39. Qb8+ Kd7 40. cxb5 Qd5+ 41. Ka3 c4+ 42. Ka4 Qd1+ 43. Ka5
Bd8+ 44. b6 Be7 1-0